00569nam a2200169Ia 4500003000900000008004100009040001600050080001900066110003800085245008600123260005500209300001500264500005200279650001300331650004100344650001400385IN-BaIIA211028s9999 xx 000 0 eng d cIIA Library a059:52bAMP-75 aUnited States. Department of Navy 4aThe American ephemeris and nautical almanac for the year 1974cDepartment of Navy aWashingtonbU. S. Government Printing Officec1974 avii, 562p. aIn India distrubuted by K Krishnamurthy, Madras aAlmanacs aAstronomy and Astrophysics Thesaurus aEphemeris